000
00339nam a2200145Ia 4500
008
230718s9999 xx 000 0 und d
041
_a
Eng.
082
_a
780
_b
BAG-M
100
_a
Bagehet, Richard
245
0
_a
Music Business Agreements
260
_a
Pakistan
_b
Sweet and Maxwel
_c
1995
300
_a
383
650
_a
Law
999
_c
26557
_d
26557